=LDR 00000nam 2200000 4500 =001 INLIS000000000004911 =005 20130612093159 =008 ***********************************Ind** =035 ##$$0010-061300000004911 =041 ##$$a Ind =082 ##$$a 780 =090 ##$$a 780, Par m =100 ##$$a PARTO, F.X. Suharjo =245 ##$$a Musik seni Barat dan sumber daya manusia, F.X. Suhardjo Parto =260 ##$$a 1996 $b Yogyakarta =300 ##$$a xx, 96 hlm., 21 cm =650 ##$$a Musik =850 ##$$a NBPNMAT